Statistics for Number Pyramid Puzzle - Addition

Click here to take the quiz!

General Stats

  • This quiz has been taken 104 times
  • The average score is 15 of 15

Answer Stats

Brick Answer % Correct
1A8
100%
1B10
100%
1C4
100%
1D9
100%
1E12
100%
2A18
100%
2B14
100%
2C13
100%
2D21
100%
3A32
100%
3B27
100%
3C34
100%
4A59
99%
4B61
98%
5120
94%

Score Distribution

Percentile by Number Answered

Percent of People with Each Score

Your Score History

You have not taken this quiz